IFM Opac

Cost Accounting: Theory, Problems and Solutions (Record no. 22103)

MARC details
000 -LEADER
fixed length control field 00744nam a22001697a 4500
020 ## - INTERNATIONAL STANDARD BOOK NUMBER
ISBN 978-93-5840-362-6
082 ## - DEWEY DECIMAL CLASSIFICATION NUMBER
Classification number 657.42
100 ## - MAIN ENTRY--AUTHOR NAME
Personal name Arora, M. N.
245 ## - TITLE STATEMENT
Title Cost Accounting: Theory, Problems and Solutions
250 ## - EDITION STATEMENT
Edition statement 6th
260 ## - PUBLICATION, DISTRIBUTION, ETC. (IMPRINT)
Place of publication Mumbai:
Name of publisher Himalaya Publishing House,
Year of publication 2024
300 ## - PHYSICAL DESCRIPTION
Number of Pages 413 mixed p.: ill.; 25cm
500 ## - GENERAL NOTE
General note TABLE OF CONTENTS:
505 ## - FORMATTED CONTENTS NOTE
Formatted contents note Introduction 1.1<br/>Material Cost 2.1<br/>Employee Cost (Labour Cost) 3.1<br/>Overheads 4.1<br/>Cost Sheet (unit or Output Costing) 5.1<br/>Job Costing 6.1<br/>Contract Costing 7.1<br/>Process Costing 8.1<br/>Service or Operating Costing 9.1<br/>Integral and Non-Integral Systems 10.1<br/>Reconciliation of Cost and Financial Accounts 11.1<br/>
700 ## - ADDED ENTRY--PERSONAL NAME
Personal name Katyal, Priyanka
942 ## - ADDED ENTRY ELEMENTS (KOHA)
Koha item type Books
Holdings
Withdrawn status Lost status Damaged status Not for loan Collection code Permanent Location Current Location Shelving location Date acquired Source of acquisition Full call number Accession Number Price effective from Koha item type
        Non-fiction IFM Main Campus Library IFM Main Campus Library Work Room processing 10/01/2024 Purchase 657.42 ARO 0000030340 10/08/2025 Books
        Non-fiction IFM Main Campus Library IFM Main Campus Library Work Room processing 10/01/2024 Purchase 657.42 ARO 0000030339 10/08/2025 Books
        Non-fiction IFM Main Campus Library IFM Main Campus Library Work Room processing 10/01/2024 Purchase 657.42 ARO 0000030341 10/08/2025 Books